LIBRARY & INFORMATION CENTRE, KCAET, TAVANUR

ONLINE PUBLIC ACCESS CATALOGUE (OPAC)

Genetics / (Record no. 7532)

MARC details
000 -LEADER
fixed length control field 00429cam a2200181ua 4500
041 ## - LANGUAGE CODE
Language code of text/sound track or separate title eng
082 ## - DEWEY DECIMAL CLASSIFICATION NUMBER
Classification number 575.1
Item number SAR/GE
100 ## - MAIN ENTRY--AUTHOR NAME
Personal name Sarin, C .
245 ## - TITLE STATEMENT
Title Genetics /
250 ## - EDITION STATEMENT
Edition statement 1 /
260 ## - PUBLICATION, DISTRIBUTION, ETC. (IMPRINT)
Place of publication New Delhi :
Name of publisher Tata Mc-Graw Hill Publishing Company ,
Year of publication 1985.
300 ## - PHYSICAL DESCRIPTION
Number of Pages 528 ; .
942 ## - ADDED ENTRY ELEMENTS (KOHA)
Koha item type Books
Holdings
Withdrawn status Lost status Damaged status Home library Current library Date acquired Full call number Accession Number Koha item type
      KAUAET KAUAET 07/04/2012 575.1 SAR/GE 15926 Books
free website counter